| 000 | 00809cab a2200205 4500 | ||
|---|---|---|---|
| 001 | L130618 | ||
| 008 | 050808n2005 000 0 eng u | ||
| 035 | _a(Sirsi) u130618 | ||
| 041 | _aeng | ||
| 050 |
_a347.4107 _c18 |
||
| 110 |
_aAcademy of Experts _93991 |
||
| 245 | _aCode of practice for experts | ||
| 260 |
_aLondon _bAcademy of Experts _bEWI _c2005 |
||
| 520 | _aA new six point code of practice which also sets out the general professional professional principles with which an expert should comply. | ||
| 590 | _aIKA160805 | ||
| 690 | _aMANAGEMENT-DISPUTE AVOIDANCE, MANAGEMENT AND RESOLUTION-DISPUTE MANAGEMENT AND RESOLUTION-EXPERT WITNESSES | ||
| 710 |
_aExpert Witness Institute _93977 |
||
| 856 |
_uhttps://www.ewi.org.uk _zView the item free of charge at www.ewi.gov.uk... |
||
| 942 | _n0 | ||
| 999 |
_c104497 _d104497 |
||